[Event "Stay Safe Play From Home 345"]
[Site "Emanuel Lasker Arena"]
[Date "2020.07.30"]
[Round "7"]
[White "Weltszmerc"]
[Black "Haris kollari 13"]
[Result "0-1"]
[WhiteElo "2052"]
[BlackElo "1876"]
[Annotator "NA RC"]
[PlyCount "68"]
[EventDate "2020.07.30"]
[EventType "swiss (blitz)"]

1. d4 {[%emt 0:00:01]} e6 {[%emt 0:00:00]} 2. c4 {[%emt 0:00:01]} d5 {[%emt 0:00:00]} 3. Nf3 {[%emt 0:00:00]} c6 {[%emt 0:00:01]} 4. g3 {[%emt 0:00:01]} Bd6 {[%emt 0:00:01]} 5. Bg2 {[%emt 0:00:00]} Ne7 {[%emt 0:00:01]} 6. O-O {[%emt 0:00:00]} Nd7 {[%emt 0:00:03]} 7. Nbd2 {[%emt 0:00:02]} h5 {[%emt 0:00:02]} 8. h4 {[%emt 0:00:01]} f6 {[%emt 0:00:02]} 9. e4 {[%emt 0:00:01]} dxe4 {[%emt 0:00:03]} 10. Nxe4 {[%emt 0:00:00]} Bc7 {[%emt 0:00:01]} 11. Be3 {[%emt 0:00:03]} Nf8 {[%emt 0:00:10]} 12. Rc1 {[%emt 0:00:03]} Bd7 {[%emt 0:00:02]} 13. Qe2 {[%emt 0:00:01]} Ng8 {[%emt 0:00:06]} 14. Rfd1 {[%emt 0:00:01]} Qe7 {[%emt 0:00:02]} 15. Nc5 {[%emt 0:00:01]} O-O-O {[%emt 0:00:03]} 16. Nxd7 {[%emt 0:00:03]} Nxd7 {[%emt 0:00:03]} 17. Nd2 {[%emt 0:00:06]} g5 {[%emt 0:00:02]} 18. d5 {[%emt 0:00:10]} exd5 {[%emt 0:00:04]} 19. cxd5 {[%emt 0:00:01]} cxd5 {[%emt 0:00:06]} 20. Bxd5 {[%emt 0:00:05]} gxh4 {[%emt 0:00:01]} 21. Qb5 {[%emt 0:00:07]} Nb6 {[%emt 0:00:05]} 22. Bxb6 {[%emt 0:00:04]} axb6 {[%emt 0:00:04]} 23. gxh4 {[%emt 0:00:55]} Qe5 {[%emt 0:00:02]} 24. Rxc7+ {[%emt 0:00:06]} Qxc7 {[%emt 0:00:04]} 25. Nb3 {[%emt 0:00:06]} Kb8 {[%emt 0:00:06]} 26. Rc1 {[%emt 0:00:02]} Qd6 {[%emt 0:00:03]} 27. Bg2 {[%emt 0:00:04]} Ne7 {[%emt 0:00:01]} 28. a4 {[%emt 0:00:03]} Rhg8 {[%emt 0:00:04]} 29. Kh1 {[%emt 0:00:01]} Nc6 {[%emt 0:00:04]} 30. a5 {[%emt 0:00:01]} Qf4 {[%emt 0:00:09]} 31. Qc4 {[%emt 0:00:08]} Qxf2 {[%emt 0:00:05]} 32. Qe4 {[%emt 0:00:06]} Rg4 {[%emt 0:00:05]} 33. Qxg4 {[%emt 0:00:08]} hxg4 {[%emt 0:00:01]} 34. axb6 {[%emt 0:00:01]} Rh8 {[%emt 0:00:10] Weltszmerc poddaje się (Lag: Av=0.56s, max=0.6s)} 0-1

[Event "Stay Safe Play From Home 345"]
[Site "Emanuel Lasker Arena"]
[Date "2020.07.30"]
[Round "7"]
[White "Lazieri3"]
[Black "Greblha"]
[Result "0-1"]
[WhiteElo "2025"]
[BlackElo "1969"]
[Annotator "TA"]
[PlyCount "68"]
[EventDate "2020.07.30"]
[EventType "swiss (blitz)"]

{[%evp 15,68,43,48,27,33,26,50,65,56,54,95,79,85,78,133,119,188,183,187,131,135,127,430,423,346,350,310,283,379,203,353,279,283,214,212,207,601,292,386,180,170,0,0,-113,-152,-471,55,54,43,0,0,0,0,-153,-4]} 1. e4 c6 2. d4 d5 3. Nc3 dxe4 4. Nxe4 Nf6 5. Nxf6+ gxf6 6. Nf3 Bg4 7. Be2 e6 8. h3 Bh5 9. c3 {B16: Caro-Kann: Bronstein-Larsen Variation.} Bd6 10. Be3 Qc7 11. Nd2 {White is slightly better.} Bxe2 12. Qxe2 {[#]} Bf4 $146 ({Predecessor:} 12... Nd7 13. O-O-O O-O-O 14. Kb1 f5 15. Nc4 Rhg8 16. g4 f4 17. Nxd6+ Qxd6 18. Bc1 Rge8 {1-0 (34) Nikitinyh,B (2229)-Kaneyama,M (1956) St Petersburg 2010}) 13. Qf3 Bxe3 14. fxe3 f5 (14... Nd7 $142) 15. e4 fxe4 (15... Nd7 $16 {might work better.}) 16. Nxe4 $18 Nd7 17. O-O-O (17. Ng5 $18 O-O-O 18. Nxf7) 17... Rg8 $16 18. Rhf1 f5 $2 {[%mdl 8192]} (18... O-O-O $16 {is tougher.}) 19. Qh5+ $18 Kd8 20. Qxh7 Re8 21. Nc5 {Threatens to win with Qf7.} b6 {[#]} 22. Nd3 (22. Nxe6+ $142 $1 {[%mdl 512]} Rxe6 23. d5 (23. Rxf5 Qg3 $11) 23... cxd5 24. Rxf5 (24. Rxd5 Re5 $18)) 22... Nf6 (22... Qd6 $142 23. Qh6 Kc7) 23. Qh4 Qe7 24. Ne5 Kc7 25. Rde1 Ne4 $2 (25... Nd7 26. Qf4 Qd6) 26. Qf4 (26. Rxe4 $142 Qxh4 27. Rxh4) 26... Kb7 27. Nc4 (27. Rxe4 $142 fxe4 28. Qxe4) 27... Rg8 28. Rxe4 $2 (28. g4 $18 Raf8 29. Rg1) 28... fxe4 $11 29. Nd6+ (29. Qxe4 $11 {keeps the balance.} Qg5+ 30. Kb1) 29... Ka6 $17 30. Re1 $2 (30. Qe5 $17) 30... Qg5 $2 (30... Raf8 $19 31. Qe5 Rg5 32. Qxe4 Qxd6) 31. Qxg5 $14 Rxg5 32. Rxe4 Rxg2 {[#] aiming for ...Rf8.} 33. d5 $1 {[%cal Re4a4][%mdl 512]} b5 $1 {Strongly threatening ...Rf8.} ({Of course not} 33... Rg1+ $6 34. Kc2 $1 $16 {[%mdl 512]}) (33... cxd5 34. Ra4#) 34. dxc6 $2 {[#]} (34. dxe6 $11 Rf8 35. Nf7) 34... Rg1+ {[%mdl 32768] Accuracy: White = 38%, Black = 31%. . Loss on time!?} (34... Rf8 $1 $17 {[%cal Rf8f1]} 35. Re1 Kb6) 0-1

[Event "Stay Safe Play From Home 345"]
[Site "Emanuel Lasker Arena"]
[Date "2020.07.30"]
[Round "7"]
[White "Kongle"]
[Black "Buzaglo"]
[Result "1-0"]
[WhiteElo "1813"]
[BlackElo "1764"]
[Annotator "NA RC"]
[PlyCount "99"]
[EventDate "2020.07.30"]
[EventType "swiss (blitz)"]

1. e4 {[%emt 0:00:03]} e6 {[%emt 0:00:01]} 2. d4 {[%emt 0:00:02]} d5 {[%emt 0:00:01]} 3. e5 {[%emt 0:00:01]} c5 {[%emt 0:00:01]} 4. c3 {[%emt 0:00:00]} cxd4 {[%emt 0:00:01]} 5. cxd4 {[%emt 0:00:02]} Bb4+ {[%emt 0:00:01]} 6. Nc3 {[%emt 0:00:01]} Be7 {[%emt 0:00:00]} 7. Bf4 {[%emt 0:00:02]} f6 {[%emt 0:00:01]} 8. Nf3 {[%emt 0:00:02]} Nd7 {[%emt 0:00:04]} 9. exf6 {[%emt 0:00:02]} Ndxf6 {[%emt 0:00:01]} 10. Bd3 {[%emt 0:00:01]} h6 {[%emt 0:00:02]} 11. Ne5 {[%emt 0:00:02]} Qa5 {[%emt 0:00:15]} 12. Bg6+ {[%emt 0:00:06]} Kf8 {[%emt 0:00:03]} 13. Nf7 {[%emt 0:00:09]} Rh7 {[%emt 0:00:01]} 14. Bxh7 {[%emt 0:00:10]} Nxh7 {[%emt 0:00:00]} 15. Ne5 {[%emt 0:00:03]} Ngf6 {[%emt 0:00:05]} 16. O-O {[%emt 0:00:04]} g5 {[%emt 0:00:04]} 17. Be3 {[%emt 0:00:04]} Qb4 {[%emt 0:00:09]} 18. Rb1 {[%emt 0:00:05]} Kg7 {[%emt 0:00:02]} 19. a3 {[%emt 0:00:02]} Qd6 {[%emt 0:00:02]} 20. Nb5 {[%emt 0:00:05]} Qd8 {[%emt 0:00:05]} 21. Rc1 {[%emt 0:00:01]} Bd7 {[%emt 0:00:02]} 22. Nxd7 {[%emt 0:00:06]} Nxd7 {[%emt 0:00:00]} 23. Nc7 {[%emt 0:00:07]} Ndf8 {[%emt 0:00:13]} 24. Nxa8 {[%emt 0:00:02]} Qxa8 {[%emt 0:00:00]} 25. Rc7 {[%emt 0:00:02]} Ng6 {[%emt 0:00:05]} 26. Qc1 {[%emt 0:00:08]} Kf6 {[%emt 0:00:06]} 27. h4 {[%emt 0:00:02]} b5 {[%emt 0:00:17]} 28. hxg5+ {[%emt 0:00:07]} hxg5 {[%emt 0:00:00]} 29. Rc8 {[%emt 0:00:09]} Qb7 {[%emt 0:00:02]} 30. f4 {[%emt 0:00:10]} g4 {[%emt 0:00:05]} 31. Rc7 {[%emt 0:00:06]} Qa6 {[%emt 0:00:07]} 32. f5 {[%emt 0:00:06]} exf5 {[%emt 0:00:07]} 33. Rc6+ {[%emt 0:00:02]} Qxc6 {[%emt 0:00:02]} 34. Qxc6+ {[%emt 0:00:01]} Kf7 {[%emt 0:00:01]} 35. Qxd5+ {[%emt 0:00:01]} Kg7 {[%emt 0:00:01]} 36. Rxf5 {[%emt 0:00:02]} Nf6 {[%emt 0:00:02]} 37. Qe6 {[%emt 0:00:02]} Ng8 {[%emt 0:00:05]} 38. Rf7+ {[%emt 0:00:04]} Kh8 {[%emt 0:00:04]} 39. Qxg4 {[%emt 0:00:01]} Nh6 {[%emt 0:00:04]} 40. Qh5 {[%emt 0:00:01]} Bf8 {[%emt 0:00:03]} 41. Qxg6 {[%emt 0:00:02]} Nxf7 {[%emt 0:00:02]} 42. Qxf7 {[%emt 0:00:01]} Bg7 {[%emt 0:00:01]} 43. d5 {[%emt 0:00:02]} Kh7 {[%emt 0:00:00]} 44. d6 {[%emt 0:00:03]} b4 {[%emt 0:00:00]} 45. axb4 {[%emt 0:00:02]} a5 {[%emt 0:00:01]} 46. Bd4 {[%emt 0:00:01]} Kh6 {[%emt 0:00:01]} 47. Qxg7+ {[%emt 0:00:01]} Kh5 {[%emt 0:00:00]} 48. g4+ {[%emt 0:00:01]} Kh4 {[%emt 0:00:01]} 49. Kg2 {[%emt 0:00:01]} axb4 {[%emt 0:00:02]} 50. Bf2# {[%emt 0:00:01] (Lag: Av=0.78s, max=2.0s)} 1-0

[Event "Stay Safe Play From Home 345"]
[Site "Emanuel Lasker Arena"]
[Date "2020.07.30"]
[Round "7"]
[White "Padmaesh M K"]
[Black "Dukic"]
[Result "0-1"]
[WhiteElo "1724"]
[BlackElo "1826"]
[Annotator "NA RC"]
[PlyCount "68"]
[EventDate "2020.07.30"]
[EventType "swiss (blitz)"]

1. d4 {[%emt 0:00:02]} d6 {[%emt 0:00:03]} 2. Nf3 {[%emt 0:00:03]} Nf6 {[%emt 0:00:00]} 3. Bf4 {[%emt 0:00:02]} Nbd7 {[%emt 0:00:01]} 4. e3 {[%emt 0:00:02]} b6 {[%emt 0:00:01]} 5. Bd3 {[%emt 0:00:03]} Bb7 {[%emt 0:00:01]} 6. Nbd2 {[%emt 0:00:02]} g6 {[%emt 0:00:01]} 7. c3 {[%emt 0:00:04]} Bg7 {[%emt 0:00:01]} 8. h4 {[%emt 0:00:01]} h6 {[%emt 0:00:05]} 9. Qc2 {[%emt 0:00:03]} O-O {[%emt 0:00:02]} 10. Rg1 {[%emt 0:00:26]} Qe8 {[%emt 0:00:05]} 11. g4 {[%emt 0:00:02]} e5 {[%emt 0:00:01]} 12. Bh2 {[%emt 0:00:12]} e4 {[%emt 0:00:04]} 13. Bc4 {[%emt 0:00:15]} d5 {[%emt 0:00:06]} 14. g5 {[%emt 0:00:05]} hxg5 {[%emt 0:00:07]} 15. hxg5 {[%emt 0:00:01]} Nh7 {[%emt 0:00:05]} 16. Bb3 {[%emt 0:00:16]} exf3 {[%emt 0:00:02]} 17. Bxc7 {[%emt 0:00:01]} Rc8 {[%emt 0:00:05]} 18. Bd6 {[%emt 0:00:01]} Qd8 {[%emt 0:00:11]} 19. Bxf8 {[%emt 0:00:03]} Ndxf8 {[%emt 0:00:05]} 20. Nxf3 {[%emt 0:00:01]} Ne6 {[%emt 0:00:04]} 21. Ke2 {[%emt 0:00:03]} Nhxg5 {[%emt 0:00:04]} 22. Rg3 {[%emt 0:00:11]} Nxf3 {[%emt 0:00:03]} 23. Rxf3 {[%emt 0:00:00]} Ng5 {[%emt 0:00:02]} 24. Rg3 {[%emt 0:00:01]} Ne4 {[%emt 0:00:01]} 25. Rh3 {[%emt 0:00:02]} Qd7 {[%emt 0:00:02]} 26. Rah1 {[%emt 0:00:02]} Qf5 {[%emt 0:00:04]} 27. f3 {[%emt 0:00:02]} Nd6 {[%emt 0:00:07]} 28. Qd2 {[%emt 0:00:06]} Re8 {[%emt 0:00:03]} 29. Bc2 {[%emt 0:00:01]} Qe6 {[%emt 0:00:04]} 30. Rh7 {[%emt 0:00:02]} Ba6+ {[%emt 0:00:04]} 31. Kf2 {[%emt 0:00:02]} Nc4 {[%emt 0:00:02]} 32. Qc1 {[%emt 0:00:07]} Qxe3+ {[%emt 0:00:02]} 33. Kg2 {[%emt 0:00:08]} Qxc1 {[%emt 0:00:03]} 34. Rxc1 {[%emt 0:00:00]} Kxh7 {[%emt 0:00:01] Padmaesh M K resigns (Lag: Av=0.46s, max=1.2s)} 0-1

[Event "Stay Safe Play From Home 345"]
[Site "Emanuel Lasker Arena"]
[Date "2020.07.30"]
[Round "7"]
[White "Klasman"]
[Black "Timbre"]
[Result "0-1"]
[WhiteElo "1555"]
[BlackElo "1602"]
[Annotator "NA RC"]
[PlyCount "54"]
[EventDate "2020.07.30"]
[EventType "swiss (blitz)"]

1. f4 {[%emt 0:00:06]} d5 {[%emt 0:00:16]} 2. e3 {[%emt 0:00:02]} c6 {[%emt 0:00:01]} 3. c4 {[%emt 0:00:02]} Nf6 {[%emt 0:00:01]} 4. Nc3 {[%emt 0:00:01]} dxc4 {[%emt 0:00:01]} 5. Bxc4 {[%emt 0:00:02]} Bf5 {[%emt 0:00:02]} 6. Qb3 {[%emt 0:00:05]} e6 {[%emt 0:00:07]} 7. Qxb7 {[%emt 0:00:02]} Nbd7 {[%emt 0:00:02]} 8. Qxc6 {[%emt 0:00:05]} Rc8 {[%emt 0:00:02]} 9. Qa4 {[%emt 0:00:03]} Be7 {[%emt 0:00:07]} 10. Nf3 {[%emt 0:00:06]} O-O {[%emt 0:00:04]} 11. O-O {[%emt 0:00:04]} Nb6 {[%emt 0:00:02]} 12. Qxa7 {[%emt 0:00:11]} Nxc4 {[%emt 0:00:02]} 13. d4 {[%emt 0:00:06]} Nd6 {[%emt 0:00:12]} 14. Ne5 {[%emt 0:00:03]} Nde4 {[%emt 0:00:03]} 15. Nxe4 {[%emt 0:00:18]} Nxe4 {[%emt 0:00:03]} 16. g4 {[%emt 0:00:06]} Bg6 {[%emt 0:00:04]} 17. f5 {[%emt 0:00:16]} exf5 {[%emt 0:00:02]} 18. gxf5 {[%emt 0:00:02]} Bh5 {[%emt 0:00:02]} 19. Rf4 {[%emt 0:00:17]} Nf6 {[%emt 0:00:08]} 20. Bd2 {[%emt 0:00:21]} Rc2 {[%emt 0:00:05]} 21. Bc3 {[%emt 0:00:01]} Rxc3 {[%emt 0:00:04]} 22. bxc3 {[%emt 0:00:02]} Bd6 {[%emt 0:00:03]} 23. Rh4 {[%emt 0:00:05]} g6 {[%emt 0:00:06]} 24. fxg6 {[%emt 0:00:06]} hxg6 {[%emt 0:00:02]} 25. Rb1 {[%emt 0:00:06]} Bxe5 {[%emt 0:00:03]} 26. dxe5 {[%emt 0:00:02]} Nd5 {[%emt 0:00:02]} 27. Rd1 {[%emt 0:00:08]} Bxd1 {[%emt 0:00:12] Time (Lag: Av=0.50s, max=1.0s) .} 0-1

[Event "Stay Safe Play From Home 345"]
[Site "Emanuel Lasker Arena"]
[Date "2020.07.30"]
[Round "8"]
[White "Weltszmerc"]
[Black "Kongle"]
[Result "1-0"]
[WhiteElo "2027"]
[BlackElo "1827"]
[Annotator "TA"]
[PlyCount "87"]
[EventDate "2020.07.30"]
[EventType "swiss (blitz)"]

{[%evp 9,87,50,54,61,89,98,117,46,85,41,45,35,101,93,211,199,200,116,119,116,320,181,153,154,220,159,318,281,341,285,289,219,211,104,315,307,313,308,387,368,381,304,354,350,515,547,535,537,554,544,534,491,606,479,626,625,647,642,581,582,652,647,977,845,759,610,806,825,811,822,29983,29984,29986,29987,29987,29988,29988,29989,29995,29996]} 1. d4 Nf6 2. c4 e5 3. Nf3 e4 4. Nfd2 d5 5. cxd5 Qxd5 6. e3 {[#] A51: Budapest Gambit, Fajarowicz Variation.} c6 $146 ({Predecessor:} 6... c5 7. Nc3 Qf5 8. dxc5 Bxc5 9. Ndxe4 Bb4 10. Nd6+ Bxd6 11. Qxd6 Bd7 12. Bd3 Qa5 {1-0 (26) Duneas,J (2054)-Picken,O (1853) Auckland 2017}) 7. Nc3 Qf5 8. h3 ({White should play} 8. f3 $16) 8... Bb4 9. a3 Bxc3 10. bxc3 Be6 (10... O-O $14) 11. a4 $16 a6 {[#]} (11... O-O $16) 12. Ba3 $1 $18 Nbd7 13. Nc4 (13. c4 $18) 13... Bxc4 $16 14. Bxc4 {Threatens to win with Qb3.} Rc8 $2 (14... c5 $16) 15. Rb1 (15. Qb3 $142) 15... b5 $18 16. Be2 Nd5 (16... Qd5 $16 {was worth a try.} 17. c4 bxc4) 17. Qc2 (17. axb5 Nxc3 18. Bg4 Qd5 $15) 17... b4 $2 (17... h5 $16 18. O-O Rh6) 18. Bxb4 ({But not} 18. Bxa6 Ra8 $18) 18... Nxb4 19. Rxb4 O-O 20. Bg4 Qd5 21. c4 (21. O-O $18 {is more deadly.}) 21... Qd6 $2 (21... Qa5 $16 22. Qd2 f5) 22. c5 Qc7 23. O-O ({Don't take} 23. Qxe4 $6 Qa5 $18) 23... f5 24. Be2 a5 25. Rb3 Rb8 26. Rfb1 Rxb3 (26... Kf7 $142 27. Bc4+ Kf6) 27. Qxb3+ Kh8 28. Qb7 Qxb7 29. Rxb7 {[%mdl 4096] Endgame KRB-KRN} Nf6 30. Bc4 Rd8 31. g3 g5 32. Rc7 f4 33. Rxc6 Kg7 34. Ra6 fxg3 35. fxg3 Nh5 36. Kg2 Rb8 37. Bb5 Rf8 38. g4 Nf6 39. Bc4 Nd7 40. Ra7 {White mates.} Rd8 41. c6 {[%cal Bc5c6,Bc6c7][%mdl 96] [#] Pin} Kf6 42. Rxd7 Rb8 43. c7 Rb2+ 44. Kg3 {Accuracy: White = 63%, Black = 28%.} 1-0

[Event "Stay Safe Play From Home 345"]
[Site "Emanuel Lasker Arena"]
[Date "2020.07.30"]
[Round "8"]
[White "Greblha"]
[Black "Dukic"]
[Result "0-1"]
[WhiteElo "1989"]
[BlackElo "1838"]
[Annotator "TA"]
[PlyCount "86"]
[EventDate "2020.07.30"]
[EventType "swiss (blitz)"]

{[%evp 9,86,41,47,48,52,38,45,8,37,31,52,50,58,33,33,37,41,33,41,21,36,45,38,24,19,-47,-3,-50,-39,-45,-39,-55,-43,-60,-52,-68,-56,-1347,-1348,-2595,-2434,-29999,-29993,-29999,-1395,-1318,-1209,-1550,-1527,-1792,-1765,-1752,-1652,-2889,-3176,-29990,-29987,-29993,-29993,-29994,-29993,-29993,-29994,-29994,-29994,-29994,-29994,-29994,-29994,-29994,-29994,-29994,-29993,-29995,-29994,-29996,-29997,-29997,-29998]} 1. e4 c6 2. d4 d6 3. Bd3 Nd7 4. c3 e5 5. Nf3 Be7 6. O-O {B12: Caro-Kann: Advance Variation.} Ngf6 7. h3 O-O 8. Be3 {White is slightly better.} Re8 (8... d5 $5 {[%cal Rd5e4]} 9. Nxe5 (9. dxe5 dxe4 10. exf6 Nxf6 $11) 9... dxe4 10. Nxd7 Bxd7 $11) 9. Nbd2 Bf8 10. Qc2 {[#]} b6 $146 ({Predecessor:} 10... g6 11. Ne1 d5 12. f4 dxe4 13. Nxe4 Nxe4 14. Bxe4 exd4 15. Bxd4 Nc5 16. Bd3 Nxd3 17. Qxd3 {½-½ (45) Pulik,K (2116)-Banasik,K (2292) Chotowa 2014}) 11. Rad1 Bb7 12. dxe5 dxe5 13. Bc4 {aiming for Ng5.} h6 14. Qb3 Qe7 15. Nh4 {Black must now prevent Ng6.} Red8 16. Ng6 Qe8 17. f4 (17. Nxf8 $11 Nxf8 18. f3) 17... Bc5 18. Rfe1 (18. Bxc5 {is interesting.} Nxc5 19. Qc2 exf4 20. Nxf4 b5 21. e5) 18... Bxe3+ 19. Rxe3 exf4 20. Nxf4 b5 21. Be2 Qe5 22. Nd3 $1 {[%cal Rd3e5]} Qg5 $36 {[%mdl 2048] Black is pushing.} 23. Nf3 $2 {[%mdl 8192] White does not recover from this.} (23. Nf1 $15) 23... Qxe3+ $19 {[%mdl 64] Double Attack} 24. Kf1 Nxe4 {( -> ...Ng3+)} 25. Re1 {[#]} Ndc5 $1 {[%cal Re4g3]} 26. Bd1 Qxe1+ (26... Ng3# $142) 27. Nfxe1 Nxb3 28. Bxb3 c5 29. Ne5 c4 30. Bc2 Rd2 31. N1f3 Rxc2 32. Nd4 Rxb2 {Black mates.} 33. Nd7 Rd8 34. Nc5 Ba8 35. Nxe4 Bxe4 36. a3 a5 37. Ke1 {[#]} b4 $1 38. axb4 axb4 39. Ne2 bxc3 40. Nxc3 Bf5 41. g4 {[#]} Rd3 $1 42. gxf5 Rxc3 {[%cal Rc3c1]} 43. Kd1 Rxh3 {Accuracy: White = 56%, Black = 88%.} 0-1

[Event "Stay Safe Play From Home 345"]
[Site "Emanuel Lasker Arena"]
[Date "2020.07.30"]
[Round "8"]
[White "Haris kollari 13"]
[Black "Klasman"]
[Result "0-1"]
[WhiteElo "1901"]
[BlackElo "1541"]
[Annotator "NA RC"]
[PlyCount "70"]
[EventDate "2020.07.30"]
[EventType "swiss (blitz)"]

1. e4 {[%emt 0:00:02]} f5 {[%emt 0:00:01]} 2. e5 {[%emt 0:00:01]} e6 {[%emt 0:00:05]} 3. f4 {[%emt 0:00:01]} d5 {[%emt 0:00:02]} 4. Nf3 {[%emt 0:00:01]} Ne7 {[%emt 0:00:01]} 5. d4 {[%emt 0:00:01]} Ng6 {[%emt 0:00:02]} 6. c4 {[%emt 0:00:01]} c5 {[%emt 0:00:03]} 7. dxc5 {[%emt 0:00:02]} Bxc5 {[%emt 0:00:02]} 8. cxd5 {[%emt 0:00:01]} Qb6 {[%emt 0:00:03]} 9. Qe2 {[%emt 0:00:20]} exd5 {[%emt 0:00:10]} 10. Qb5+ {[%emt 0:00:02]} Bd7 {[%emt 0:00:08]} 11. Qxb6 {[%emt 0:00:01]} axb6 {[%emt 0:00:09]} 12. Nc3 {[%emt 0:00:01]} Bb4 {[%emt 0:00:03]} 13. Bd2 {[%emt 0:00:02]} Bxc3 {[%emt 0:00:04]} 14. Bxc3 {[%emt 0:00:02]} Nc6 {[%emt 0:00:02]} 15. Bd3 {[%emt 0:00:04]} Nxf4 {[%emt 0:00:02]} 16. O-O-O {[%emt 0:00:15]} Nxg2 {[%emt 0:00:13]} 17. Bf1 {[%emt 0:00:14]} Ne3 {[%emt 0:00:07]} 18. Rd3 {[%emt 0:00:01]} f4 {[%emt 0:00:09]} 19. Bd2 {[%emt 0:00:07]} Bf5 {[%emt 0:00:05]} 20. Ra3 {[%emt 0:00:12]} Rxa3 {[%emt 0:00:05]} 21. bxa3 {[%emt 0:00:01]} Be4 {[%emt 0:00:01]} 22. Be2 {[%emt 0:00:02]} O-O {[%emt 0:00:07]} 23. Re1 {[%emt 0:00:11]} h6 {[%emt 0:00:07]} 24. Nh4 {[%emt 0:00:08]} Nxe5 {[%emt 0:00:09]} 25. Bb5 {[%emt 0:00:04]} g5 {[%emt 0:00:03]} 26. Bc3 {[%emt 0:00:13]} Nc6 {[%emt 0:00:13]} 27. Bb4 {[%emt 0:00:20]} Rf7 {[%emt 0:00:04]} 28. a4 {[%emt 0:00:05]} gxh4 {[%emt 0:00:01]} 29. Bd2 {[%emt 0:00:03]} Ng2 {[%emt 0:00:06]} 30. Rg1 {[%emt 0:00:05]} h3 {[%emt 0:00:01]} 31. Kb2 {[%emt 0:00:05]} f3 {[%emt 0:00:01]} 32. Bxh6 {[%emt 0:00:05]} f2 {[%emt 0:00:01]} 33. Rc1 {[%emt 0:00:01]} f1=Q {[%emt 0:00:01]} 34. Bxf1 {[%emt 0:00:02]} Rf2+ {[%emt 0:00:02]} 35. Ka3 {[%emt 0:00:02]} Nd4 {[%emt 0:00:02] Time (Lag: Av=0.50s, max=1.0s)} 0-1

[Event "Stay Safe Play From Home 345"]
[Site "Emanuel Lasker Arena"]
[Date "2020.07.30"]
[Round "8"]
[White "Mehdi1887"]
[Black "Lazieri3"]
[Result "0-1"]
[WhiteElo "1664"]
[BlackElo "2005"]
[Annotator "NA RC"]
[PlyCount "106"]
[EventDate "2020.07.30"]
[EventType "swiss (blitz)"]

1. e4 {[%emt 0:00:01]} c6 {[%emt 0:01:03]} 2. d4 {[%emt 0:00:02]} d5 {[%emt 0:00:01]} 3. exd5 {[%emt 0:00:01]} cxd5 {[%emt 0:00:01]} 4. f3 {[%emt 0:00:00]} Nc6 {[%emt 0:00:00]} 5. Bd3 {[%emt 0:00:01]} g6 {[%emt 0:00:02]} 6. Be3 {[%emt 0:00:05]} Bg7 {[%emt 0:00:01]} 7. Bb5 {[%emt 0:00:09]} Bd7 {[%emt 0:00:03]} 8. Nc3 {[%emt 0:00:04]} Nf6 {[%emt 0:00:01]} 9. Qd2 {[%emt 0:00:02]} O-O {[%emt 0:00:01]} 10. O-O-O {[%emt 0:00:02]} a6 {[%emt 0:00:02]} 11. Ba4 {[%emt 0:00:02]} Nb4 {[%emt 0:00:02]} 12. Bxd7 {[%emt 0:00:06]} Qxd7 {[%emt 0:00:00]} 13. Bh6 {[%emt 0:00:02]} Rac8 {[%emt 0:00:05]} 14. Bxg7 {[%emt 0:00:02]} Kxg7 {[%emt 0:00:01]} 15. g4 {[%emt 0:00:01]} Rxc3 {[%emt 0:00:02]} 16. bxc3 {[%emt 0:00:04]} Nxa2+ {[%emt 0:00:04]} 17. Kb2 {[%emt 0:00:01]} Qa4 {[%emt 0:00:01]} 18. Ra1 {[%emt 0:00:08]} Qb5+ {[%emt 0:00:04]} 19. Kxa2 {[%emt 0:00:02]} Rc8 {[%emt 0:00:00]} 20. Ne2 {[%emt 0:00:08]} Rc4 {[%emt 0:00:05]} 21. Qc1 {[%emt 0:00:18]} Ra4+ {[%emt 0:00:03]} 22. Qa3 {[%emt 0:00:01]} Rxa3+ {[%emt 0:00:01]} 23. Kxa3 {[%emt 0:00:01]} Qxe2 {[%emt 0:00:05]} 24. Rhb1 {[%emt 0:00:05]} b5 {[%emt 0:00:06]} 25. Kb3 {[%emt 0:00:05]} Qc4+ {[%emt 0:00:01]} 26. Kb2 {[%emt 0:00:02]} b4 {[%emt 0:00:06]} 27. cxb4 {[%emt 0:00:04]} Qxb4+ {[%emt 0:00:00]} 28. Kc1 {[%emt 0:00:01]} Qxd4 {[%emt 0:00:01]} 29. Rxa6 {[%emt 0:00:04]} Qe3+ {[%emt 0:00:03]} 30. Kb2 {[%emt 0:00:01]} Qxf3 {[%emt 0:00:02]} 31. Rba1 {[%emt 0:00:03]} Qxg4 {[%emt 0:00:03]} 32. R1a4 {[%emt 0:00:04]} d4 {[%emt 0:00:01]} 33. Ra7 {[%emt 0:00:03]} Nd5 {[%emt 0:00:02]} 34. R4a5 {[%emt 0:00:06]} e6 {[%emt 0:00:02]} 35. Rd7 {[%emt 0:00:05]} Qg2 {[%emt 0:00:12]} 36. Raa7 {[%emt 0:00:03]} Qf2 {[%emt 0:00:02]} 37. Rxf7+ {[%emt 0:00:02]} Qxf7 {[%emt 0:00:02]} 38. Rxf7+ {[%emt 0:00:01]} Kxf7 {[%emt 0:00:00]} 39. Kb3 {[%emt 0:00:01]} e5 {[%emt 0:00:02]} 40. Kc4 {[%emt 0:00:01]} Ke6 {[%emt 0:00:01]} 41. Kd3 {[%emt 0:00:03]} Nb4+ {[%emt 0:00:01]} 42. Kd2 {[%emt 0:00:01]} Nxc2 {[%emt 0:00:00]} 43. Kxc2 {[%emt 0:00:01]} e4 {[%emt 0:00:00]} 44. Kd2 {[%emt 0:00:01]} Kf5 {[%emt 0:00:01]} 45. h4 {[%emt 0:00:01]} Kg4 {[%emt 0:00:02]} 46. h5 {[%emt 0:00:01]} gxh5 {[%emt 0:00:01]} 47. Ke2 {[%emt 0:00:01]} h4 {[%emt 0:00:00]} 48. Kf2 {[%emt 0:00:01]} h3 {[%emt 0:00:00]} 49. Ke2 {[%emt 0:00:01]} h2 {[%emt 0:00:01]} 50. Kf2 {[%emt 0:00:01]} h1=Q {[%emt 0:00:01]} 51. Ke2 {[%emt 0:00:01]} Qg2+ {[%emt 0:00:01]} 52. Ke1 {[%emt 0:00:02]} e3 {[%emt 0:00:02]} 53. Kd1 {[%emt 0:00:02]} Qd2# {[%emt 0:00:00] (Lag: Av=0.69s, max=0.9s)} 0-1